Quiz o Diogo Jocie - Statystyki

Ogólne statystyki
  • Ten quiz został rozwiązany 15 razy
  • Średni wynik to 9 z 11
Statystyki odpowiedzi
Hint Odpowiedź % Poprawnych
Numer z jakim grał ( zastrzeżony przez klub po tragedii ) 20
100%
Wraz z nim zginął Andre Silva, który był jego ___ bratem
100%
Kraj z którego pochodził Diogo Portugalia
100%
Rok urodzenia 1996
91%
W tym samym sezonie z reprezentacją narodową wygrał _____ Ligę Narodów
91%
Klub, w którym grał od 2020 roku Liverpool FC
91%
Pozycja na której grał Napastnik
82%
W sezonie 2024/25 wygrał w raz z klubem ______ Premier League
82%
Przyczyna śmierci wypadek samochodowy
82%
Miasto, w którym się urodził Porto
64%
Dokładna data śmierci 3 lipca 2025
45%
Nie znaleziono quizów pasujących do podanych kryteriów
Rozkład punktacji
Procent ludzi z każdym wynikiem
Percentyl według liczby udzielonych odpowiedzi
Twoja historia wyników
Nie rozwiązałeś tego quizu